00709nam a2200241 a 4500001001300000003000900013005001700022008004100039020001000080082001600090100003200106245003200138260004800170300000900218500003500227505001000262650001600272700003200288902000800320942000700328952011700335999001500452nice12345678IN_TiNIC20260116013033.0050524s1988 isla grp 000 0 eng  ac10000a340.59bIBA aIbadi, Abdullah Abdur Rahee aZabeeha Ke Ahkaam-O-Masaail aIslamabadbIdara-I-Tahqeeqat-I-Islamic1988 a355p aincludes index and biblioraphy2 aIndex aIslamic-Law1 aIbadi, Abdullah Abdur Rahee bSRS cBK 001040708StackRoom-aHMIbHMId2007-05-03g100.00l0o340.59 IBAp014687r2007-05-03v100.00w2005-05-24yBK c9374d9374